000 00895nam a2200265 a 4500
001 25924
003 25994
005 20211209050940.0
008 140319r19621942enkab 000 0 eng d
035 _a(BD-RjUL)25994
035 _a(BD-RjUL)25994
040 _aZYU
_cZYU
_dBD-RjUL
_beng
041 _aeng
082 _a942
_bTRE 1962
100 1 _aTrevelyan, George Macaulay,
_d1876-1962.
_955186
245 1 0 _aEnglish social history :
_ba survey of six centuries, Chaucer to Queen Victoria /
_cby G. M. Trevelyan.
260 _aLondon ;
_aNew York :
_bLongmans, Green, and Co,
_c1944 [Impression 1962]
300 _axii, 628 p. :
_bill., maps ;
_c22 cm.
500 _aFirst published in U.S.A. and Canada, [1942]
500 _aIncludes index.
651 0 _aGreat Britain
_xHistory.
_979652
651 0 _aGreat Britain
_xSocial conditions.
_979653
942 _2ddc
_cBK
999 _c25924
_d25924